Schnelle Mathematik - Zahlen im Hexadezimalsystem Level 10 - Statistiken

Allgemein
  • Dieses Quiz wurde 41 mal gespielt
  • Das Durchschnittsergebnis liegt bei 15 aus 40
Antwortstatistiken
Nummer % Korrekt
1
100%
2
100%
3
100%
4
100%
5
100%
6
100%
7
100%
8
100%
9
100%
A
30%
B
30%
C
30%
D
30%
E
30%
F
30%
10
20%
11
20%
12
20%
13
20%
14
20%
15
20%
16
20%
17
20%
18
20%
19
20%
1A
20%
1B
20%
1C
20%
1D
20%
1E
20%
1F
20%
20
20%
21
10%
22
10%
23
10%
24
10%
25
10%
26
10%
27
10%
28
10%
Keine übereinstimmenden Quizze gefunden
Verteilung der Resultate
Anzahl Personen mit jedem Resultat
Perzentil nach korrekt beantworteten Fragen
Ihre Resultats-Entwicklung
Sie haben dieses Quiz noch nicht gespielt